000
00247nam a2200097Ia 4500
001
709295
005
20250826162544.0
008
250824s9999 xx 000 0 und d
245
0
_a
DİKKAT MAYMUN ÇIKABİLİR
_c
AHMET ÖNEL
260
_b
TUDEM YAYINLARI
999
_c
709295
_d
709295